Sagar chilani (Record no. 2651)

MARC details
000 -LEADER
fixed length control field 00520cam a2200205ua 4500
001 - CONTROL NUMBER
control field 2804
005 - DATE AND TIME OF LATEST TRANSACTION
control field 20260515113557.0
008 - FIXED-LENGTH DATA ELEMENTS--GENERAL INFORMATION
fixed length control field 110908n ii |||gr||||Z||||||asm
040 ## - CATALOGING SOURCE
Transcribing agency MAIN
082 ## - DEWEY DECIMAL CLASSIFICATION NUMBER
Classification number 891.4512
100 1# - MAIN ENTRY--PERSONAL NAME
Personal name Chekhov, Anton,
Relator term Author.
245 11 - TITLE STATEMENT
Title Sagar chilani
Statement of responsibility, etc. by Anton Chekhov
250 ## - EDITION STATEMENT
Edition statement 1st.
260 ## - PUBLICATION, DISTRIBUTION, ETC.
Place of publication, distribution, etc. Guahati:
Name of publisher, distributor, etc. Publication board assam,990.
300 ## - PHYSICAL DESCRIPTION
Extent 85p:
Dimensions 23cm.
653 ## - INDEX TERM--UNCONTROLLED
Uncontrolled term Assamese drama
653 ## - INDEX TERM--UNCONTROLLED
Uncontrolled term Sagar chilani
700 1# - ADDED ENTRY--PERSONAL NAME
Personal name Baruah, Satyaprasad,
Relator term translator.
942 ## - ADDED ENTRY ELEMENTS (KOHA)
Koha item type Books
Holdings
Withdrawn status Lost status Damaged status Not for loan Home library Current library Shelving location Date acquired Total checkouts Full call number Barcode Date last seen Copy number Price effective from Koha item type
        Naharkatiya College Library Naharkatiya College Library General stacks 09/19/2020   891.4512 | CHE 10755 09/19/2020 2 09/19/2020 Books
        Naharkatiya College Library Naharkatiya College Library General stacks 09/19/2020   891.4512 | CHE 10756 09/19/2020 1 09/19/2020 Books